Sports Quiz

Random Sports or Soccer Quiz

Champions League XIs: Juventus Quiz Stats

Quiz Updated May 10, 2017

Challenge
Share
Tweet
Embed
Score 0/187 Timer 16:00
10 Plays Today
% Correct
Gianluigi Buffon
97.9%
Gianluigi Buffon
97.8%
Gianluigi Buffon
97.8%
Gianluigi Buffon
97.8%
Gianluigi Buffon
97.8%
Gianluigi Buffon
97.8%
Gianluigi Buffon
97.8%
Gianluigi Buffon
97.7%
Gianluigi Buffon
97.6%
Gianluigi Buffon
96.9%
Andrea Pirlo
89.3%
Andrea Pirlo
89.1%
Alessandro Del Piero
88.9%
Alessandro Del Piero
88.9%
Alessandro Del Piero
88.9%
Alessandro Del Piero
88.9%
Alessandro Del Piero
88.9%
Alessandro Del Piero
88.9%
Alessandro Del Piero
88.9%
Giorgio Chiellini
88.8%
Giorgio Chiellini
88.7%
Andrea Pirlo
88.5%
Giorgio Chiellini
87.9%
Giorgio Chiellini
87.7%
Giorgio Chiellini
87.2%
Leonardo Bonucci
86.5%
Leonardo Bonucci
86.2%
Leonardo Bonucci
84.8%
Paulo Dybala
84%
Paul Pogba
83.9%
Gonzalo Higuaín
83%
Paul Pogba
82.6%
Giorgio Chiellini
82.4%
Giorgio Chiellini
82.4%
Giorgio Chiellini
82.4%
Paul Pogba
82.1%
Andrea Barzagli
81.6%
Andrea Barzagli
81%
Leonardo Bonucci
80.7%
Leonardo Bonucci
79.3%
Paulo Dybala
78.4%
Mario Mandžukić
78.1%
Carlos Tevez
77.7%
Pavel Nedved
76.7%
Pavel Nedved
76.7%
Pavel Nedved
76.7%
Pavel Nedved
76.7%
Pavel Nedved
76.7%
Pavel Nedved
76.7%
Andrea Barzagli
76.3%
Zinedine Zidane
76.3%
Zinedine Zidane
76.3%
Zinedine Zidane
76.3%
Zinedine Zidane
76.3%
David Trezeguet
75.8%
David Trezeguet
75.8%
David Trezeguet
75.8%
David Trezeguet
75.8%
Carlos Tevez
75.6%
Claudio Marchisio
75.4%
Andrea Barzagli
75.3%
Dani Alves
74.9%
Claudio Marchisio
74.1%
% Correct
Claudio Marchisio
73.7%
Fabio Cannavaro
73.4%
Fabio Cannavaro
73.4%
Arturo Vidal
71%
Arturo Vidal
71%
Álvaro Morata
70.1%
Arturo Vidal
69.2%
Patrice Evra
68.9%
Patrice Evra
68.2%
Álvaro Morata
68%
Claudio Marchisio
67.2%
Alex Sandro
66.5%
Gianluca Zambrotta
66.4%
Gianluca Zambrotta
66.4%
Gianluca Zambrotta
66.4%
Gianluca Zambrotta
66.4%
Gianluca Zambrotta
66.4%
Sami Khedira
65.8%
Zlatan Ibrahimovic
64.6%
Zlatan Ibrahimovic
64.6%
Lillian Thuram
64.5%
Lillian Thuram
64.5%
Lillian Thuram
64.5%
Lillian Thuram
64.5%
Lillian Thuram
64.5%
Miralem Pjanić
63%
Edgar Davids
62.7%
Edgar Davids
62.6%
Edgar Davids
62.6%
Edgar Davids
62.6%
Filippo Inzaghi
62.6%
Filippo Inzaghi
62.6%
Filippo Inzaghi
62.6%
Stephan Lichtsteiner
62%
Stephen Lichtsteiner
60.5%
Angelo Peruzzi
59.9%
Angelo Peruzzi
59.9%
Angelo Peruzzi
59.9%
Angelo Peruzzi
59.9%
Stephan Lichtsteiner
58.2%
Mauro Camoranesi
56.3%
Mauro Camoranesi
56.3%
Mauro Camoranesi
56.3%
Mauro Camoranesi
56.3%
Antonio Conte
55.6%
Antonio Conte
55.6%
Antonio Conte
55.6%
Antonio Conte
55.6%
Fernando Llorente
53.5%
Didier Deschamps
52.8%
Didier Deschamps
52.8%
Didier Deschamps
52.8%
Didier Deschamps
52.8%
Christian Vieri
51.6%
Patrick Vieira
50.5%
Kwadwo Asamoah
50.1%
Kwadwo Asamoah
49.9%
Ciro Ferrara
48.9%
Ciro Ferrara
48.9%
Ciro Ferrara
48.9%
Ciro Ferrara
48.9%
Ciro Ferrara
48.9%
Ciro Ferrara
48.9%
% Correct
Gianluca Vialli
46.1%
Gianluca Pessotto
46%
Gianluca Pessotto
46%
Gianluca Pessotto
46%
Gianluca Pessotto
46%
Gianluca Pessotto
46%
Paulo Montero
45.6%
Paulo Montero
45.6%
Paulo Montero
45.6%
Paulo Montero
45.6%
Paulo Montero
45.6%
Alessio Tacchinardi
44.4%
Alessio Tacchinardi
44.4%
Alessio Tacchinardi
44.4%
Alessio Tacchinardi
44.4%
Alessio Tacchinardi
44.4%
Edwin Van der Sar
43.9%
Juan Cuadrado
43.7%
Mirko Vučinić
41.9%
Angelo Di Livio
41.2%
Angelo Di Livio
41.2%
Angelo Di Livio
41.2%
Angelo Di Livio
41.2%
Alessandro Matri
40.4%
Alex Manninger
38.7%
Amauri
38.5%
Amauri
38.5%
Emerson
37.9%
Emerson
37.9%
Mark Iuliano
37.9%
Mark Iuliano
37.9%
Mark Iuliano
37.9%
Mark Iuliano
37.9%
Mark Iuliano
37.9%
Christian Abbiati
37.6%
Fabio Grosso
37.2%
Igor Tudor
35.3%
Alessandro Birindelli
31.9%
Alessandro Birindelli
31.9%
Stefano Sturaro
31.4%
Marco Di Vaio
31.3%
Marco Di Vaio
31.3%
Jonathan Zebina
30.8%
Alen Boksic
30.1%
Moreno Torricelli
29.7%
Diego
28.9%
Felipe Melo
28.2%
Paulo Sousa
27.5%
Nicola Legrottaglie
26.4%
Nicola Legrottaglie
26.4%
Zdenek Grygera
26%
Vladimir Jugovic
25%
Mohamed Sissoko
24.5%
Olof Mellberg
24.1%
Martin Caceres
23.4%
Sergio Porrini
20.8%
Sergio Porrini
20.8%
Stephen Appiah
18.4%
Manuele Blasi
17.3%
Cristian Molinaro
17.3%
Marco Marchionni
16.6%

You're not logged in!

Compare scores with friends on all Sporcle quizzes.
Sign Up with Email
OR
Log In

You Might Also Like...

Show Comments

Extras

Top Quizzes Today


Score Distribution

Your Account Isn't Verified!

In order to create a playlist on Sporcle, you need to verify the email address you used during registration. Go to your Sporcle Settings to finish the process.